000 00528nam a2200193Ia 4500
003 GCL
008 140319s9999 xx 000 0 ara d
040 _aGCL /
_cGCL
082 0 4 _a956.821
_bا م
100 1 _aمحمود العابدى
245 1 0 _aقدسنا /
_cمحمود العابدى
260 _a[S.N] :
_bمعهد البحوث والدراسات العربية ،
_c1972
300 _a294 ص
490 _a
650 0 4 _aتاريخ
650 0 4 _aالقدس
650 0 4 _aبيت المقدس
942 _2ddc
_cBK
999 _c52370
_d52370